书目信息 |
| 题名: |
政府绩效评价法制化研究
|
|
| 作者: | 郑方辉 , 魏红征 主编 ;曹小华 , 何志强 著 | |
| 分册: | ||
| 出版信息: | 北京 新华出版社 2017 |
|
| 页数: | 262页 | |
| 开本: | 26cm | |
| 丛书名: | ||
| 单 册: | ||
| 中图分类: | D922.114.4 | |
| 科图分类: | ||
| 主题词: | 国家行政机关--行政管理--评价--法制--研究--中国 | |
| 电子资源: | ||
| ISBN: | 978-7-5166-3280-2 | |
| 000 | 01128nam0 2200277 450 | |
| 001 | 012001001465 | |
| 005 | 20140921103355.0 | |
| 010 | @a978-7-5166-3280-2@dCNY68.00 | |
| 100 | @a20180412d2017 em y0chiy50 ea | |
| 101 | 0 | @achi |
| 102 | @aCN@b110000 | |
| 105 | @ay z 000yy | |
| 106 | @ar | |
| 200 | 1 | @a政府绩效评价法制化研究@9zheng fu ji xiao ping jia fa zhi hua yan jiu@f郑方辉,魏红征主编@g曹小华,何志强著 |
| 210 | @a北京@c新华出版社@d2017 | |
| 215 | @a262页@d26cm | |
| 300 | @a华南理工大学中央高校基本科研业务费基地培育项目 广东省法学会法治研究基地项目 中国法学会2016年度部级法学研究课题 2017版 | |
| 330 | @a本书为华南理工大学法学博士论文集,从系统论角度,针对现实存在的问题提出解决方法。内容分为地方政府绩效管理制度化与法律化实证研究、法治政府绩效评价指标体系研究两部分。 | |
| 606 | 0 | @a国家行政机关@x行政管理@x评价@x法制@x研究@y中国 |
| 690 | @aD922.114.4@v5 | |
| 701 | 0 | @a郑方辉@9zheng fang hui@4主编 |
| 701 | 0 | @a魏红征@9wei hong zheng@4主编 |
| 702 | 0 | @a曹小华@9cao xiao hua@4著 |
| 702 | 0 | @a何志强@9he zhi qiang@4著 |
| 801 | 0 | @aCN@b上海新华@c20180901 |
| 905 | @b1156475-9@dD922.114.4@e1910@f5 | |
| 政府绩效评价法制化研究/郑方辉,魏红征主编/曹小华,何志强著.-北京:新华出版社,2017 |
| 262页;26cm |
| 华南理工大学中央高校基本科研业务费基地培育项目 广东省法学会法治研究基地项目 中国法学会2016年度部级法学研究课题 2017版 |
| ISBN 978-7-5166-3280-2:CNY68.00 |
| 本书为华南理工大学法学博士论文集,从系统论角度,针对现实存在的问题提出解决方法。内容分为地方政府绩效管理制度化与法律化实证研究、法治政府绩效评价指标体系研究两部分。 |
| ● |
| 相关链接 |
|
|
|
|
正题名:政府绩效评价法制化研究
索取号:D922.114.4/1910
 
预约/预借
| 序号 | 登录号 | 条形码 | 馆藏地/架位号 | 状态 | 备注 |
| 1 | 1156475 | 211564751 | 第一样本阅览室/ [索取号:D922.114.4/1910] | 在馆 | |
| 2 | 1156476 | 211564760 | 第一借阅区/ [索取号:D922.114.4/1910] | 在馆 | |
| 3 | 1156477 | 211564779 | 第一借阅区/ [索取号:D922.114.4/1910] | 在馆 | |
| 4 | 1156478 | 211564788 | 第一借阅区/ [索取号:D922.114.4/1910] | 在馆 | |
| 5 | 1156479 | 211564797 | 密集书库-史法系/ [索取号:D922.114.4/1910] | 在馆 |